Statistics for U.S. General Knowledge #38

Click here to take the quiz!

General Stats

  • This quiz has been taken 6,075 times
  • The average score is 12 of 20

Answer Stats

Question Answer % Correct
What does D.C. stand for in Washington D.C.?District of Columbia
92%
What TV show had the theme song "I'll be there for you"?Friends
89%
What type of animal was the main character from "Flipper"?a Dolphin
82%
What classified "area" in Nevada is the subject of many UFO related conspiracy theories?Area {51}
81%
What were the criminal duo Parker and Barrow better known as?Bonnie and Clyde
67%
What city in the U.S. has the most expensive rent?San Francisco
65%
Complete the quote "Go to jail. Go directly to jail. Do not pass Go. Do not _______ ____"Collect $200
64%
If George W. Bush were to have been impeached (and convicted), who would
have become President?
Dick Cheney
62%
What is the capital of Nevada?Carson City
59%
Name one of the two daughters of Barack and Michelle Obama.Malia or Sasha
59%
What city is the historical home of beer brewers Miller, Pabst, and Schlitz?Milwaukee
55%
What was the first name of Will Smith's dorky cousin on "The Fresh Prince of Bel-Air"?Carlton
51%
What entertainment company is led by Vince McMahon?WWE
51%
Whose murderous "family" was Squeaky Fromme a part of?Charles Manson's
49%
What "live free or die" state has the lowest rate of seat belt use in the U.S.?New Hampshire
49%
What future Presidential candidate was credited with rescuing the
2002 Salt Lake City Olympics?
Mitt Romney
47%
Who is the most famous person with the first name Orenthal?O.J. Simpson
47%
Who has a cousin named Slowpoke Rodriguez?Speedy Gonzalez
42%
What musical style from the 1930s had a brief resurgence in the 1990s with bands
such as "Big Bad Voodoo Daddy"?
Swing
41%
The Barbary War was the first foreign war fought by the United States. In which
modern-day country did it take place?
Algeria or Libya
29%

Score Distribution

Percentile by Number Answered

Percent of People with Each Score

Your Score History

You have not taken this quiz